00645 a2200133 4500020001500000050002000015100002300035245010900058264004800167300002200215440004700237500019800284650002900482 a073001603X aGE1055. FEI1995 aJohn Fien.eauthor aEducation for the environment : bcritical curriculum theorizing and environmental education/cJohn Fien aGeelong, Vic. :b Deakin University, c1995 a114 pages ; 24 cm aEnvironmental education and social change. aThis book has been produced as part of the study materials for: ECS823 Environmental education and social change; offered by the Faculty of Education in Deakin University's Open Campus Program. aEnvironmental education.